<?xml version="1.0" encoding="UTF-8"?>
<record
    xmlns:xsi="http://www.w3.org/2001/XMLSchema-instance"
    xsi:schemaLocation="http://www.loc.gov/MARC21/slim http://www.loc.gov/standards/marcxml/schema/MARC21slim.xsd"
    xmlns="http://www.loc.gov/MARC21/slim">

  <leader>01162nam a2200289 i 4500</leader>
  <controlfield tag="005">20230622112550.0</controlfield>
  <controlfield tag="008">230615s2022    my a   j      000 0 may d</controlfield>
  <datafield tag="020" ind1=" " ind2=" ">
    <subfield code="a">9789673887217</subfield>
    <subfield code="c">RM29.00</subfield>
    <subfield code="q">paperback </subfield>
  </datafield>
  <datafield tag="040" ind1=" " ind2=" ">
    <subfield code="a">PPAK</subfield>
    <subfield code="b">eng</subfield>
    <subfield code="c">PPAK</subfield>
    <subfield code="e">rda</subfield>
  </datafield>
  <datafield tag="082" ind1="0" ind2="4">
    <subfield code="2">23</subfield>
    <subfield code="a">297.1222 </subfield>
  </datafield>
  <datafield tag="090" ind1="0" ind2="0">
    <subfield code="a">297.1222 </subfield>
    <subfield code="b">ZAH</subfield>
    <subfield code="d">K</subfield>
  </datafield>
  <datafield tag="100" ind1="0" ind2=" ">
    <subfield code="a">Zahazan Mohamed, </subfield>
    <subfield code="c">Datuk, Dr.</subfield>
    <subfield code="e">author. </subfield>
  </datafield>
  <datafield tag="245" ind1="1" ind2="0">
    <subfield code="a">UMI, ABAH, CERITALAH LAGI! : </subfield>
    <subfield code="b">10 Kisah Benar daripada al-Quran dan Hadis. </subfield>
    <subfield code="n">Jilid 1 / </subfield>
    <subfield code="c">DATUK DR. HAJI ZAHAZAN MOHAMED ; Editor Bahasa: Nurul Jannah Ab. Kadir ; Editor Syariah: Amirul Arif Shukri </subfield>
  </datafield>
  <datafield tag="264" ind1=" " ind2=" ">
    <subfield code="a">Kuala Lumpur : </subfield>
    <subfield code="b">Telaga Biru Sdn Bhd,</subfield>
    <subfield code="c">2022</subfield>
  </datafield>
  <datafield tag="300" ind1=" " ind2=" ">
    <subfield code="a">xvi, 102 pages : </subfield>
    <subfield code="b">colour illustrations ; </subfield>
    <subfield code="c">25 cm</subfield>
  </datafield>
  <datafield tag="336" ind1=" " ind2=" ">
    <subfield code="a">text</subfield>
    <subfield code="2">rdacontent</subfield>
  </datafield>
  <datafield tag="337" ind1=" " ind2=" ">
    <subfield code="a">unmediated</subfield>
    <subfield code="2">rdamedia</subfield>
  </datafield>
  <datafield tag="338" ind1=" " ind2=" ">
    <subfield code="a">volume</subfield>
    <subfield code="2">rdacarrier</subfield>
  </datafield>
  <datafield tag="500" ind1=" " ind2=" ">
    <subfield code="a">Contains verses from the Qur'an and quotes from the Hadith</subfield>
  </datafield>
  <datafield tag="504" ind1=" " ind2=" ">
    <subfield code="a">Bibliography : pages 100-102</subfield>
  </datafield>
  <datafield tag="650" ind1="1" ind2="0">
    <subfield code="a">Qur'an stories</subfield>
  </datafield>
  <datafield tag="650" ind1="2" ind2="0">
    <subfield code="a">Hadith stories, Malay</subfield>
  </datafield>
  <datafield tag="650" ind1="2" ind2="0">
    <subfield code="a">Islamic stories, Malay</subfield>
  </datafield>
  <datafield tag="700" ind1="0" ind2=" ">
    <subfield code="a">Nurul Jannah Ab. Kadir, </subfield>
    <subfield code="e">editor. </subfield>
  </datafield>
  <datafield tag="700" ind1="0" ind2=" ">
    <subfield code="a">Amirul Arif Shukri, </subfield>
    <subfield code="e">editor. </subfield>
  </datafield>
  <datafield tag="942" ind1=" " ind2=" ">
    <subfield code="2">ddc</subfield>
    <subfield code="c">B</subfield>
  </datafield>
  <datafield tag="999" ind1=" " ind2=" ">
    <subfield code="c">192172</subfield>
    <subfield code="d">192172</subfield>
  </datafield>
  <datafield tag="952" ind1=" " ind2=" ">
    <subfield code="0">0</subfield>
    <subfield code="7">0</subfield>
    <subfield code="b">PPAK</subfield>
    <subfield code="c">K</subfield>
    <subfield code="d">2023-07-04</subfield>
    <subfield code="l">7</subfield>
    <subfield code="m">2</subfield>
    <subfield code="o">K 297.1222 ZAH</subfield>
    <subfield code="p">A01780531</subfield>
    <subfield code="r">2025-03-24 10:23:58</subfield>
    <subfield code="s">2025-03-03</subfield>
    <subfield code="y">B</subfield>
  </datafield>
  <datafield tag="952" ind1=" " ind2=" ">
    <subfield code="0">0</subfield>
    <subfield code="7">0</subfield>
    <subfield code="b">SP</subfield>
    <subfield code="c">K</subfield>
    <subfield code="d">2023-07-04</subfield>
    <subfield code="l">4</subfield>
    <subfield code="o">K 297.1222 ZAH</subfield>
    <subfield code="p">A01780532</subfield>
    <subfield code="q">2024-02-21</subfield>
    <subfield code="r">2024-01-31 15:51:34</subfield>
    <subfield code="s">2024-01-31</subfield>
    <subfield code="y">B</subfield>
  </datafield>
  <datafield tag="952" ind1=" " ind2=" ">
    <subfield code="0">0</subfield>
    <subfield code="7">0</subfield>
    <subfield code="b">JT</subfield>
    <subfield code="c">K</subfield>
    <subfield code="d">2023-07-04</subfield>
    <subfield code="l">7</subfield>
    <subfield code="m">1</subfield>
    <subfield code="o">K 297.1222 ZAH</subfield>
    <subfield code="p">A01780533</subfield>
    <subfield code="r">2026-04-26 10:07:37</subfield>
    <subfield code="s">2026-04-11</subfield>
    <subfield code="y">B</subfield>
  </datafield>
  <datafield tag="952" ind1=" " ind2=" ">
    <subfield code="0">0</subfield>
    <subfield code="7">0</subfield>
    <subfield code="b">LW</subfield>
    <subfield code="c">K</subfield>
    <subfield code="d">2023-07-04</subfield>
    <subfield code="l">2</subfield>
    <subfield code="o">K 297.1222 ZAH</subfield>
    <subfield code="p">A01780534</subfield>
    <subfield code="r">2025-11-06 14:33:21</subfield>
    <subfield code="s">2025-10-16</subfield>
    <subfield code="y">B</subfield>
  </datafield>
  <datafield tag="952" ind1=" " ind2=" ">
    <subfield code="0">0</subfield>
    <subfield code="7">0</subfield>
    <subfield code="b">KM</subfield>
    <subfield code="c">K</subfield>
    <subfield code="d">2023-07-04</subfield>
    <subfield code="l">8</subfield>
    <subfield code="m">1</subfield>
    <subfield code="o">K 297.1222 ZAH</subfield>
    <subfield code="p">A01780535</subfield>
    <subfield code="r">2025-06-23 08:55:03</subfield>
    <subfield code="s">2025-06-21</subfield>
    <subfield code="y">B</subfield>
  </datafield>
  <datafield tag="952" ind1=" " ind2=" ">
    <subfield code="0">0</subfield>
    <subfield code="7">0</subfield>
    <subfield code="b">BL</subfield>
    <subfield code="c">K</subfield>
    <subfield code="d">2023-07-04</subfield>
    <subfield code="l">1</subfield>
    <subfield code="m">1</subfield>
    <subfield code="o">K 297.1222 ZAH</subfield>
    <subfield code="p">A01780536</subfield>
    <subfield code="r">2024-01-06 11:54:46</subfield>
    <subfield code="s">2023-11-25</subfield>
    <subfield code="y">B</subfield>
  </datafield>
  <datafield tag="952" ind1=" " ind2=" ">
    <subfield code="0">0</subfield>
    <subfield code="7">0</subfield>
    <subfield code="b">BB</subfield>
    <subfield code="c">K</subfield>
    <subfield code="d">2023-07-04</subfield>
    <subfield code="l">0</subfield>
    <subfield code="o">K 297.1222 ZAH</subfield>
    <subfield code="p">A01780537</subfield>
    <subfield code="r">2023-07-04 14:32:03</subfield>
    <subfield code="y">B</subfield>
  </datafield>
  <datafield tag="952" ind1=" " ind2=" ">
    <subfield code="0">0</subfield>
    <subfield code="7">0</subfield>
    <subfield code="b">MR</subfield>
    <subfield code="c">K</subfield>
    <subfield code="d">2023-07-04</subfield>
    <subfield code="l">2</subfield>
    <subfield code="o">K 297.1222 ZAH</subfield>
    <subfield code="p">A01780538</subfield>
    <subfield code="r">2024-01-29 13:55:07</subfield>
    <subfield code="s">2024-01-03</subfield>
    <subfield code="y">B</subfield>
  </datafield>
  <datafield tag="952" ind1=" " ind2=" ">
    <subfield code="0">0</subfield>
    <subfield code="7">0</subfield>
    <subfield code="b">YN</subfield>
    <subfield code="c">K</subfield>
    <subfield code="d">2023-07-04</subfield>
    <subfield code="l">2</subfield>
    <subfield code="m">1</subfield>
    <subfield code="o">K 297.1222 ZAH</subfield>
    <subfield code="p">A01780539</subfield>
    <subfield code="r">2024-03-19 14:33:09</subfield>
    <subfield code="s">2024-02-05</subfield>
    <subfield code="y">B</subfield>
  </datafield>
  <datafield tag="952" ind1=" " ind2=" ">
    <subfield code="0">0</subfield>
    <subfield code="7">0</subfield>
    <subfield code="b">SK</subfield>
    <subfield code="c">K</subfield>
    <subfield code="d">2023-07-04</subfield>
    <subfield code="l">5</subfield>
    <subfield code="m">1</subfield>
    <subfield code="o">K 297.1222 ZAH</subfield>
    <subfield code="p">A01780540</subfield>
    <subfield code="r">2026-03-09 10:59:18</subfield>
    <subfield code="s">2026-02-22</subfield>
    <subfield code="y">B</subfield>
  </datafield>
  <datafield tag="952" ind1=" " ind2=" ">
    <subfield code="0">0</subfield>
    <subfield code="7">0</subfield>
    <subfield code="b">KN</subfield>
    <subfield code="c">K</subfield>
    <subfield code="d">2023-07-04</subfield>
    <subfield code="l">0</subfield>
    <subfield code="o">K 297.1222 ZAH</subfield>
    <subfield code="p">A01780541</subfield>
    <subfield code="r">2023-07-04 14:32:03</subfield>
    <subfield code="y">B</subfield>
  </datafield>
  <datafield tag="952" ind1=" " ind2=" ">
    <subfield code="0">0</subfield>
    <subfield code="7">0</subfield>
    <subfield code="b">PG</subfield>
    <subfield code="c">K</subfield>
    <subfield code="d">2023-07-04</subfield>
    <subfield code="l">0</subfield>
    <subfield code="o">K 297.1222 ZAH</subfield>
    <subfield code="p">A01780542</subfield>
    <subfield code="r">2023-07-04 14:32:03</subfield>
    <subfield code="y">B</subfield>
  </datafield>
  <datafield tag="952" ind1=" " ind2=" ">
    <subfield code="0">0</subfield>
    <subfield code="7">0</subfield>
    <subfield code="b">B3</subfield>
    <subfield code="c">K</subfield>
    <subfield code="d">2023-07-04</subfield>
    <subfield code="l">0</subfield>
    <subfield code="o">K 297.1222 ZAH</subfield>
    <subfield code="p">A01780544</subfield>
    <subfield code="r">2023-07-04 14:32:03</subfield>
    <subfield code="y">B</subfield>
  </datafield>
  <datafield tag="952" ind1=" " ind2=" ">
    <subfield code="0">0</subfield>
    <subfield code="7">0</subfield>
    <subfield code="b">B4</subfield>
    <subfield code="c">K</subfield>
    <subfield code="d">2023-07-04</subfield>
    <subfield code="l">0</subfield>
    <subfield code="o">K 297.1222 ZAH</subfield>
    <subfield code="p">A01780545</subfield>
    <subfield code="r">2023-07-04 14:32:03</subfield>
    <subfield code="y">B</subfield>
  </datafield>
  <datafield tag="952" ind1=" " ind2=" ">
    <subfield code="0">0</subfield>
    <subfield code="7">0</subfield>
    <subfield code="b">B5</subfield>
    <subfield code="c">K</subfield>
    <subfield code="d">2023-07-04</subfield>
    <subfield code="l">0</subfield>
    <subfield code="o">K 297.1222 ZAH</subfield>
    <subfield code="p">A01780546</subfield>
    <subfield code="r">2023-07-04 14:32:03</subfield>
    <subfield code="y">B</subfield>
  </datafield>
  <datafield tag="952" ind1=" " ind2=" ">
    <subfield code="0">0</subfield>
    <subfield code="7">0</subfield>
    <subfield code="b">PD4</subfield>
    <subfield code="c">K</subfield>
    <subfield code="d">2023-07-04</subfield>
    <subfield code="l">0</subfield>
    <subfield code="o">K 297.1222 ZAH</subfield>
    <subfield code="p">A01780547</subfield>
    <subfield code="r">2023-07-04 14:32:03</subfield>
    <subfield code="y">B</subfield>
  </datafield>
  <datafield tag="952" ind1=" " ind2=" ">
    <subfield code="0">0</subfield>
    <subfield code="7">0</subfield>
    <subfield code="b">PD6</subfield>
    <subfield code="c">K</subfield>
    <subfield code="d">2023-07-04</subfield>
    <subfield code="l">0</subfield>
    <subfield code="o">K 297.1222 ZAH</subfield>
    <subfield code="p">A01780548</subfield>
    <subfield code="r">2023-07-04 14:32:03</subfield>
    <subfield code="y">B</subfield>
  </datafield>
  <datafield tag="952" ind1=" " ind2=" ">
    <subfield code="0">0</subfield>
    <subfield code="7">0</subfield>
    <subfield code="b">PD7</subfield>
    <subfield code="c">K</subfield>
    <subfield code="d">2023-07-04</subfield>
    <subfield code="l">0</subfield>
    <subfield code="o">K 297.1222 ZAH</subfield>
    <subfield code="p">A01780549</subfield>
    <subfield code="r">2023-07-04 14:32:03</subfield>
    <subfield code="y">B</subfield>
  </datafield>
  <datafield tag="952" ind1=" " ind2=" ">
    <subfield code="0">0</subfield>
    <subfield code="7">0</subfield>
    <subfield code="b">PD8</subfield>
    <subfield code="c">K</subfield>
    <subfield code="d">2023-07-04</subfield>
    <subfield code="l">0</subfield>
    <subfield code="o">K 297.1222 ZAH</subfield>
    <subfield code="p">A01780550</subfield>
    <subfield code="r">2023-07-04 14:32:03</subfield>
    <subfield code="y">B</subfield>
  </datafield>
  <datafield tag="952" ind1=" " ind2=" ">
    <subfield code="0">0</subfield>
    <subfield code="7">0</subfield>
    <subfield code="b">PD13</subfield>
    <subfield code="c">K</subfield>
    <subfield code="d">2023-07-04</subfield>
    <subfield code="l">0</subfield>
    <subfield code="o">K 297.1222 ZAH</subfield>
    <subfield code="p">A01780553</subfield>
    <subfield code="r">2023-07-04 14:32:03</subfield>
    <subfield code="y">B</subfield>
  </datafield>
  <datafield tag="952" ind1=" " ind2=" ">
    <subfield code="0">0</subfield>
    <subfield code="7">0</subfield>
    <subfield code="b">PD14</subfield>
    <subfield code="c">K</subfield>
    <subfield code="d">2023-07-04</subfield>
    <subfield code="l">0</subfield>
    <subfield code="o">K 297.1222 ZAH</subfield>
    <subfield code="p">A01780554</subfield>
    <subfield code="r">2023-07-04 14:32:03</subfield>
    <subfield code="y">B</subfield>
  </datafield>
  <datafield tag="952" ind1=" " ind2=" ">
    <subfield code="0">0</subfield>
    <subfield code="7">0</subfield>
    <subfield code="b">PD15</subfield>
    <subfield code="c">K</subfield>
    <subfield code="d">2023-07-04</subfield>
    <subfield code="l">0</subfield>
    <subfield code="o">K 297.1222 ZAH</subfield>
    <subfield code="p">A01780555</subfield>
    <subfield code="r">2023-07-04 14:32:03</subfield>
    <subfield code="y">B</subfield>
  </datafield>
  <datafield tag="952" ind1=" " ind2=" ">
    <subfield code="0">0</subfield>
    <subfield code="7">0</subfield>
    <subfield code="b">PD18</subfield>
    <subfield code="c">K</subfield>
    <subfield code="d">2023-07-04</subfield>
    <subfield code="l">0</subfield>
    <subfield code="o">K 297.1222 ZAH</subfield>
    <subfield code="p">A01780556</subfield>
    <subfield code="r">2023-07-04 14:32:03</subfield>
    <subfield code="y">B</subfield>
  </datafield>
  <datafield tag="952" ind1=" " ind2=" ">
    <subfield code="0">0</subfield>
    <subfield code="7">0</subfield>
    <subfield code="b">PD19</subfield>
    <subfield code="c">K</subfield>
    <subfield code="d">2023-07-04</subfield>
    <subfield code="l">0</subfield>
    <subfield code="o">K 297.1222 ZAH</subfield>
    <subfield code="p">A01780557</subfield>
    <subfield code="r">2023-07-04 14:32:03</subfield>
    <subfield code="y">B</subfield>
  </datafield>
  <datafield tag="952" ind1=" " ind2=" ">
    <subfield code="0">0</subfield>
    <subfield code="7">0</subfield>
    <subfield code="b">PD20</subfield>
    <subfield code="c">K</subfield>
    <subfield code="d">2023-07-04</subfield>
    <subfield code="l">0</subfield>
    <subfield code="o">K 297.1222 ZAH</subfield>
    <subfield code="p">A01780558</subfield>
    <subfield code="r">2023-07-04 14:32:03</subfield>
    <subfield code="y">B</subfield>
  </datafield>
  <datafield tag="952" ind1=" " ind2=" ">
    <subfield code="0">0</subfield>
    <subfield code="7">0</subfield>
    <subfield code="b">PD21</subfield>
    <subfield code="c">K</subfield>
    <subfield code="d">2023-07-04</subfield>
    <subfield code="l">0</subfield>
    <subfield code="o">K 297.1222 ZAH</subfield>
    <subfield code="p">A01780559</subfield>
    <subfield code="r">2023-07-04 14:32:03</subfield>
    <subfield code="y">B</subfield>
  </datafield>
  <datafield tag="952" ind1=" " ind2=" ">
    <subfield code="0">0</subfield>
    <subfield code="7">0</subfield>
    <subfield code="b">PD23</subfield>
    <subfield code="c">K</subfield>
    <subfield code="d">2023-07-04</subfield>
    <subfield code="l">0</subfield>
    <subfield code="o">K 297.1222 ZAH</subfield>
    <subfield code="p">A01780560</subfield>
    <subfield code="r">2023-07-04 14:32:03</subfield>
    <subfield code="y">B</subfield>
  </datafield>
  <datafield tag="952" ind1=" " ind2=" ">
    <subfield code="0">0</subfield>
    <subfield code="7">0</subfield>
    <subfield code="b">PD24</subfield>
    <subfield code="c">K</subfield>
    <subfield code="d">2023-07-04</subfield>
    <subfield code="l">1</subfield>
    <subfield code="o">K 297.1222 ZAH</subfield>
    <subfield code="p">A01780561</subfield>
    <subfield code="r">2023-12-27 12:33:18</subfield>
    <subfield code="s">2023-12-27</subfield>
    <subfield code="y">B</subfield>
  </datafield>
  <datafield tag="952" ind1=" " ind2=" ">
    <subfield code="0">0</subfield>
    <subfield code="7">0</subfield>
    <subfield code="b">PD27</subfield>
    <subfield code="c">K</subfield>
    <subfield code="d">2023-07-04</subfield>
    <subfield code="l">0</subfield>
    <subfield code="o">K 297.1222 ZAH</subfield>
    <subfield code="p">A01780563</subfield>
    <subfield code="r">2023-07-04 14:32:03</subfield>
    <subfield code="y">B</subfield>
  </datafield>
  <datafield tag="952" ind1=" " ind2=" ">
    <subfield code="0">0</subfield>
    <subfield code="7">0</subfield>
    <subfield code="b">PD29</subfield>
    <subfield code="c">K</subfield>
    <subfield code="d">2023-07-04</subfield>
    <subfield code="l">0</subfield>
    <subfield code="o">K 297.1222 ZAH</subfield>
    <subfield code="p">A01780564</subfield>
    <subfield code="r">2023-07-04 14:32:03</subfield>
    <subfield code="y">B</subfield>
  </datafield>
  <datafield tag="952" ind1=" " ind2=" ">
    <subfield code="0">0</subfield>
    <subfield code="7">0</subfield>
    <subfield code="b">PD37</subfield>
    <subfield code="c">K</subfield>
    <subfield code="d">2023-07-04</subfield>
    <subfield code="l">0</subfield>
    <subfield code="o">K 297.1222 ZAH</subfield>
    <subfield code="p">A01780570</subfield>
    <subfield code="r">2023-07-04 14:32:03</subfield>
    <subfield code="y">B</subfield>
  </datafield>
  <datafield tag="952" ind1=" " ind2=" ">
    <subfield code="0">0</subfield>
    <subfield code="7">0</subfield>
    <subfield code="b">PD38</subfield>
    <subfield code="c">K</subfield>
    <subfield code="d">2023-07-04</subfield>
    <subfield code="l">0</subfield>
    <subfield code="o">K 297.1222 ZAH</subfield>
    <subfield code="p">A01780571</subfield>
    <subfield code="r">2023-07-04 14:32:03</subfield>
    <subfield code="y">B</subfield>
  </datafield>
  <datafield tag="952" ind1=" " ind2=" ">
    <subfield code="0">0</subfield>
    <subfield code="7">0</subfield>
    <subfield code="b">PD39</subfield>
    <subfield code="c">K</subfield>
    <subfield code="d">2023-07-04</subfield>
    <subfield code="l">0</subfield>
    <subfield code="o">K 297.1222 ZAH</subfield>
    <subfield code="p">A01780572</subfield>
    <subfield code="r">2023-07-04 14:32:03</subfield>
    <subfield code="y">B</subfield>
  </datafield>
</record>
